Countries With Only One W - Statistics

General Stats
  • This quiz has been taken 100 times
    55 since last reset
  • The average score is 7 of 12
Answer Stats
Continent Country % Correct
Europe Sweden
89%
Europe Switzerland
86%
Oceania New Zealand
81%
Africa Malawi
72%
Africa Eswatini
58%
Africa Botswana
56%
Africa Zimbabwe
56%
Oceania Papua New Guinea
53%
Africa Rwanda
53%
Asia Taiwan
53%
Europe Norway
47%
Asia Kuwait
36%
No matching quizzes found
Score Distribution
Percent of People with Each Score
Percentile by Number Answered
Your Score History
You have not taken this quiz since the last reset